000 00755nam a2200253Ia 4500
003 OSt
005 20220923224943.0
006 a|||||r|||| 00| 0
007 ta
008 220922b |||||||| |||| 00| 0 hin d
024 _a254,199
037 _cTextual
040 _aARTS
_cARTS
_bhin
041 _2hin
_ahin
082 _aO152,3N161,KA, N2
100 _aनागर, अमृतलाल
245 0 _aकरवट
246 _aKaravaṭa
260 _aदिल्ली
_b राजपाल एण्ड सन्ज़
_c1992
300 _a358पृ.
_ccm.
650 _aहिन्दी कहानी
942 _hO152,3N161,KA, N2
_cTEXL
_2CC
999 _c374937
_d374937